000 02378nab a2200229 ab4500
005 20260525135559.0
008 251016c2025 ve fr poo# #00| spa d
003
040 _aMX-MxUPN
_bspa
_cMX-MxUPN
_eaacr2
100 1 _aCastillo Romero, Blanca Islenia
_959692
245 1 _aPraxis educativas en Venezuela para el desarrollo humano sustentable
_h[recurso electrónico en línea]
506 0 _aAcceso abierto
520 3 _aLa llegada de la pandemia COVID 19 decretada por la Organización Mundial de la Salud en 2020, afectó drásticamente todos los órdenes establecidos en la sociedad a nivel mundial; al darse cambios de orden económico, social, históricos y por supuesto educativos. El contexto deja expuesto lo complejo del proceso de desarrollo humano sustentable, debido a que requiere un alto nivel de conciencia y valoración por parte del ser humano de su relación con el planeta tierra. De allí, que el discurrir reflexivo del ensayo tenga como propósito interpretar el proceso educativo en Venezuela desde la llegada de la pandemia hasta la actualidad, en lo sustentable y en el marco de un currículo bajo el eslogan “Juntos por la Educación del Futuro”. Para ello, se reflexiona sobre las líneas estratégicas curriculares del año escolar 2022–2023. La educación ambiental materializada en la ejecución del Programa “Todas las Manos a la Siembra”; lo que supone miras a cambios en los modos de producción para garantizar la protección y preservación del ambiente; con participación de las familias y todos los actores educativos de manera consciente y permanente, en la formación del estudiante en el marco del desarrollo humano sustentable. Aunado a ello, resulta interesante cómo ocurre el asunto de la participación de la familia en los procesos de enseñanza y aprendizaje que están íntimamente relacionados con el desarrollo humano sustentable en la praxis educativa venezolana.
_cREDINE
653 _aPraxis educativa
653 _aPandemia por COVID-19
650 4 _aDesarrollo sustentable
_94974
773 _gVol. 17, no. 2 (2025), p. 62-69
_tREDINE : red de investigación educativa
_x2244–7997
856 4 _uhttps://revistas.uclave.org/index.php/redine/article/view/5396
856 4 _uhttps://revistas.uclave.org/index.php/redine/article/view/5396/3671
902 _aLeonor Sotres/250526
942 _cART-E
999 _c215202
_d215202